Country Images: Odd One Out Quiz Stats

 Plays Quiz Updated Sep 16, 2014

Challenge
Share
Tweet
Score 0/20 Timer 05:00
5 Plays Today
% Correct
D (Great Sphinx and Pyramid at Giza)
97.7%
C (Sagrada Família in Barcelona)
66.6%
C (Potala Palace in Tibet)
56.2%
D (moai on Easter Island, Chile)
55.4%
C (Sacré-Cœur in Paris)
55.3%
D (Notre-Dame Cathedral in Paris)
52%
C (Milad Tower in Tehran)
49.2%
D (Cologne Cathedral in Cologne)
48.1%
B (Temple of the Golden Pavilion in Kyoto)
46.9%
B (Old City of Sanaa)
44.5%
% Correct
B (Guggenheim Museum in Bilbao)
44.3%
D (Hagia Sophia in Istanbul)
43.9%
A (Angel Falls in Venezuela)
41.7%
A (Rock of Gibraltar)
40.9%
C (Charles Bridge in Prague)
39.6%
A (Borobudur Temple in Indonesia)
34.7%
B (Helsinki Cathedral)
32.2%
A (Victoria Falls on Zambia-Zimbabwe border)
30.3%
D (Djinguereber Mosque in Timbuktu)
20.3%
C (Al-Rahman Mosque in Baghdad)
19.3%

You're not logged in!

Compare scores with friends on all Sporcle quizzes.
OR
Log In

You Might Also Like...

Show Comments

Extras

Top Quizzes Today


Score Distribution

Your Account Isn't Verified!

In order to create a playlist on Sporcle, you need to verify the email address you used during registration. Go to your Sporcle Settings to finish the process.

Report this User

Report this user for behavior that violates our Community Guidelines.

Details: